Los principios generales del derecho: repertorio de reglas, máximas y aforismos jurídicos con la jurisprudencia del Tribunal Supremo de Justicia

Gardado en:
Detalles Bibliográficos
Autor Principal: Mans Puigarnau, Jaime M. (autor)
Formato: Libro
Idioma:Lingua castelá
Publicado: Barcelona Bosch 1979
Edición:1a. ed
Subjects:
Tags: Engadir etiqueta
Sen Etiquetas, Sexa o primeiro en etiquetar este rexistro!

MARC

LEADER 00000nam a2200000 a 4500
001 UCI0183
003 CL-VaPUC
008 070427e19790000SP |||||||||||||||||spa|d
020 |a 8471627434 
082 0 4 |a 340.11  |b MAN  |2 21 
100 |a Mans Puigarnau, Jaime M.  |e autor  |9 520275 
245 1 4 |a Los principios generales del derecho: repertorio de reglas, máximas y aforismos jurídicos con la jurisprudencia del Tribunal Supremo de Justicia 
250 |a 1a. ed 
300 |a 523 p 
942 |c BK 
945 |d 20070427 00:00:00  |a cmena 
260 |a Barcelona  |b Bosch  |c 1979 
650 0 |a Filosofía del derecho   |9 255050 
650 0 |a Jurisprudencia  |9 255952 
650 0 |a Teoría del derecho  |9 255982 
583 |a last modification  |c 20070427 00:00:00  |k Rodrigo Vera 
999 |c 325421  |d 325419 
952 |0 0  |1 0  |4 0  |6 340_110000000000000_MAN_1979  |7 0  |8 DER_TF  |9 406304  |a BIBDER  |b BIBDER  |d 2019-11-22  |i 2109166  |l 2  |o 340.11 MAN 1979  |p 2109166  |r 2023-01-25  |s 2021-10-16  |w 2019-11-22  |x Ubicación 4to Piso  |y BK  |z Estos recursos deben solicitarse con anticipación  |k DER